Normal view
MARC view
Entry Topical Term
001 - CONTROL NUMBER
- control field: 54185
003 - CONTROL NUMBER IDENTIFIER
- control field: dpl
005 - DATE AND TIME OF LATEST TRANSACTION
- control field: 20121211143106.0
008 - FIXED-LENGTH DATA ELEMENTS
- fixed length control field: 121211|||a|||||| | ||| d
040 ## - CATALOGING SOURCE
- Original cataloging agency: dpl
- Transcribing agency: dpl
150 ## - HEADING--TOPICAL TERM
- Topical term or geographic name as entry element: Economics
- Geographic subdivision: India.
670 ## - SOURCE DATA FOUND
- Source citation: Work cat.: (dpl)0: Ghosh, B. N. 54183, Beyond Gandhian economics :, 2012.
670 ## - SOURCE DATA FOUND
- Source citation: Work cat.: (dpl)0: Ghosh, B. N. 54183, Beyond Gandhian economics :, 2012.
